[Event "Mumbai Aurionpro GM op"]
[Site "Mumbai"]
[Date "2025.06.23"]
[Round "8"]
[White "Sherla, Prathamesh"]
[Black "Daksh, Goyal"]
[Result "1-0"]
[WhiteElo "2259"]
[BlackElo "2100"]
[PlyCount "87"]
[EventDate "2025.06.16"]
[EventType "swiss"]
[EventRounds "9"]
[EventCountry "IND"]
[SourceTitle "CB26_2025"]
[SourceDate "2025.06.25"]
[SourceVersion "1"]
[SourceVersionDate "2025.06.25"]
[SourceQuality "1"]

1. Nf3 d5 2. b3 Bf5 3. Bb2 e6 4. g3 Nf6 5. Bg2 h6 6. 0-0 Be7 7. d3 0-0 8. Nbd2 a5 9. a3 Nbd7 10. Re1 c6 11. e4 Bh7 12. Qe2 b5 13. Ne5 Nxe5 14. Bxe5 Re8 15. Bb2 Qb6 16. a4 Rac8 17. Ra2 b4 18. h3 Bc5 19. Rf1 e5 20. c3 bxc3 21. Bxc3 Bg6 22. Rc2 Rcd8 23. Rfc1 Ba3 24. Bb2 Bxb2 25. Rxb2 Rd6 26. Rbc2 Nd7 27. Kh2 Kh7 28. h4 f5 29. exd5 cxd5 30. h5 Bf7 31. Bh3 Rf6 32. Rc7 Nb8 33. Bg2 Na6 34. Rc8 Rxc8 35. Rxc8 e4 36. dxe4 dxe4 37. Rc3 Qd4 38. Rc8 Nc5 39. Qb5 Qxd2 40. Qxc5 Bxh5 41. Rc7 f4 42. Qxh5 Qxf2 43. Qg4 Rg6 44. Qxf4 1-0

[Event "Mumbai Aurionpro GM op"]
[Site "Mumbai"]
[Date "2025.06.18"]
[Round "3"]
[White "Daksh, Goyal"]
[Black "Petrosyan, Manuel"]
[Result "0-1"]
[WhiteElo "2100"]
[BlackElo "2541"]
[PlyCount "88"]
[EventDate "2025.06.16"]
[EventType "swiss"]
[EventRounds "9"]
[EventCountry "IND"]
[SourceTitle "CB26_2025"]
[SourceDate "2025.06.25"]
[SourceVersion "1"]
[SourceVersionDate "2025.06.25"]
[SourceQuality "1"]

1. Nf3 c5 2. c4 Nf6 3. Nc3 g6 4. g3 Nc6 5. Bg2 d6 6. d4 cxd4 7. Nxd4 Bd7 8. Nc2 Bg7 9. 0-0 h5 10. Bg5 Nh7 11. Be3 h4 12. gxh4 Nf8 13. f4 Rxh4 14. Qe1 Rh5 15. Rd1 Bf5 16. Na3 Nd7 17. Bf2 Rc8 18. h4 Qa5 19. Rc1 Nc5 20. Bf3 Rh7 21. Qd1 Bxc3 22. Rxc3 Ne4 23. Rb3 Nxf2 24. Rxf2 Qc7 25. h5 gxh5 26. Rg2 Bg4 27. Bxg4 hxg4 28. e3 Qd7 29. Rxg4 Rh8 30. Rg3 b6 31. Qd5 Qe6 32. Qxe6 fxe6 33. Rc3 Kd7 34. Nc2 e5 35. Kg2 Rh4 36. fxe5 Nxe5 37. b3 Rch8 38. Kf2 Ng4+ 39. Ke1 Rh1+ 40. Ke2 R8h2+ 41. Kf3 Ne5+ 42. Kf4 Rh4+ 43. Kf5 Rh5+ 44. Rg5 Rf1+ 0-1

[Event "IND-ch Blitz"]
[Site "Mahilong"]
[Date "2025.03.23"]
[Round "6"]
[White "Daksh, Goyal"]
[Black "Aswath, S."]
[Result "1/2-1/2"]
[WhiteElo "2024"]
[BlackElo "2347"]
[PlyCount "111"]
[EventDate "2025.03.23"]
[EventType "swiss (blitz)"]
[EventRounds "11"]
[EventCountry "IND"]
[SourceTitle "CB13_2025"]
[SourceDate "2025.03.26"]
[SourceVersion "1"]
[SourceVersionDate "2025.03.26"]
[SourceQuality "1"]

1. Nf3 d5 2. g3 Nd7 3. d4 Nb6 4. a4 a5 5. Bg2 Bf5 6. b3 c6 7. Ba3 Nd7 8. Nc3 Ngf6 9. 0-0 e6 10. Bxf8 Nxf8 11. Na2 Ng6 12. b4 axb4 13. Nxb4 Ne4 14. Qc1 0-0 15. Qb2 Qc7 16. Rfc1 c5 17. dxc5 Qxc5 18. Nd3 Qc7 19. Nd4 Nd6 20. Nb5 Nxb5 21. Qxb5 Ra5 22. Qb4 Rfa8 23. c4 Qe7 24. Qxe7 Nxe7 25. cxd5 Nxd5 26. e4 Bg6 27. exd5 Bxd3 28. dxe6 fxe6 29. Bxb7 R8a7 30. Bc6 Kf7 31. Ra3 Bf5 32. Rb3 Kf6 33. Bb5 Be4 34. Rbc3 Bd5 35. Rc8 Bb3 36. Rf8+ Ke7 37. Rg8 Kf7 38. Rh8 h6 39. Ra1 Bxa4 40. Bxa4 Rxa4 41. Rxa4 Rxa4 42. Kg2 Ra3 43. Rb8 e5 44. Rb6 Rc3 45. Ra6 h5 46. h4 Rd3 47. Rb6 Rc3 48. Rd6 Rc4 49. Ra6 Rc3 50. Rd6 e4 51. Ra6 g6 52. Rd6 e3 53. fxe3 Rxe3 54. Ra6 Re4 55. Rb6 Rc4 56. Ra6 1/2-1/2

[Event "Goa op"]
[Site "Taleigao"]
[Date "2025.01.12"]
[Round "2"]
[White "Daksh, Goyal"]
[Black "Savchenko, Boris"]
[Result "0-1"]
[WhiteElo "2101"]
[BlackElo "2481"]
[PlyCount "106"]
[EventDate "2025.01.11"]
[EventType "swiss"]
[EventRounds "10"]
[EventCountry "IND"]
[SourceTitle "CB04_2025"]
[SourceDate "2025.01.22"]
[SourceVersion "1"]
[SourceVersionDate "2025.01.22"]
[SourceQuality "1"]

1. c4 e5 2. g3 d6 3. Bg2 Be7 4. b4 Nf6 5. Nc3 0-0 6. Nf3 c6 7. 0-0 e4 8. Nd4 d5 9. cxd5 cxd5 10. Rb1 Qc7 11. f3 exf3 12. Bxf3 Nc6 13. Nxc6 bxc6 14. Qc2 a5 15. b5 cxb5 16. Qd3 b4 17. Nxd5 Nxd5 18. Bxd5 Ba6 19. Qf3 Bc5+ 20. d4 Rad8 21. Be3 Ba7 22. Rbd1 Qe7 23. Be4 Rfe8 24. Bg5 Qxg5 25. Qxf7+ Kh8 26. Qxa7 Bxe2 27. Bc6 Qe3+ 28. Kh1 Bxf1 29. Rxf1 Rf8 30. Rd1 Qe2 31. Rg1 Rf2 32. Bg2 Qxa2 33. d5 Rxg2 34. Rxg2 Qxd5 35. h4 Ra8 36. Qe7 a4 37. Qxb4 a3 38. Qc3 a2 39. Qa1 Qe4 40. Kh2 Qb1 41. Rg1 Qxa1 42. Rxa1 h5 43. Kg2 Ra3 44. Kf2 Kh7 45. Kg2 Kg6 46. Kh2 Kf5 47. Rf1+ Ke4 48. Ra1 Kf3 49. Kh3 Kf2 50. Rg1 a1Q 51. Rg2+ Kf3 52. Kh2 Ra2 53. Kh3 Qh1+ 0-1

[Event "Bhubaneswar Odisha op"]
[Site "Bhubaneswar"]
[Date "2024.12.19"]
[Round "7"]
[White "Adireddy, Arjun"]
[Black "Daksh, Goyal"]
[Result "1-0"]
[WhiteElo "2335"]
[BlackElo "2116"]
[PlyCount "123"]
[EventDate "2024.12.15"]
[EventType "swiss"]
[EventRounds "10"]
[EventCountry "IND"]
[SourceTitle "CB52_2024"]
[SourceDate "2024.12.25"]
[SourceVersion "1"]
[SourceVersionDate "2024.12.25"]
[SourceQuality "1"]

1. e4 c5 2. Nf3 Nc6 3. d4 cxd4 4. Nxd4 Nf6 5. Nc3 e5 6. Ndb5 d6 7. Bg5 a6 8. Na3 b5 9. Bxf6 gxf6 10. Nd5 f5 11. Bd3 Be6 12. 0-0 Bxd5 13. exd5 Ne7 14. Qh5 e4 15. Be2 Bg7 16. c3 b4 17. Nc4 bxc3 18. bxc3 Bxc3 19. Rab1 0-0 20. Rb3 Bg7 21. Rg3 f4 22. Rg4 Ng6 23. Qf5 Re8 24. g3 Qf6 25. Qxf6 Bxf6 26. gxf4 h5 27. Rg3 Kf8 28. Nxd6 Nxf4 29. Bc4 Re5 30. Re3 Be7 31. Nxf7 Kxf7 32. d6+ Kf6 33. dxe7 Rxe7 34. f3 Rc8 35. Bb3 Rg7+ 36. Kh1 Rc6 37. fxe4 Ke5 38. Ref3 Rf6 39. Bc4 a5 40. Ra3 Kxe4 41. Ra4 Ke5 42. Rxa5+ Kd4 43. Ra4 Ke5 44. Re1+ Kd4 45. Bf1+ Kd5 46. Rae4 h4 47. a4 h3 48. Bc4+ Kc5 49. Rc1 Rg2 50. Be6+ Kd6 51. Rd1+ Kc5 52. Rc4+ Kb6 53. Rb1+ Ka7 54. Rc7+ Ka8 55. Rc8+ Ka7 56. Rc7+ Ka8 57. Bxh3 Rg5 58. Rc8+ Ka7 59. Rc7+ Ka8 60. Bc8 Ne6 61. Rc6 Nc7 62. Rxf6 1-0

[Event "Bhubaneswar op-A 15th"]
[Site "Bhubaneswar"]
[Date "2024.12.08"]
[Round "9"]
[White "Daksh, Goyal"]
[Black "Shravan, Sriram"]
[Result "1-0"]
[WhiteElo "2117"]
[BlackElo "1677"]
[PlyCount "85"]
[EventDate "2024.12.02"]
[EventType "swiss"]
[EventRounds "10"]
[EventCountry "IND"]
[SourceTitle "CB50_2024"]
[SourceDate "2024.11.01"]
[SourceVersion "1"]
[SourceVersionDate "2024.11.01"]
[SourceQuality "2"]

1. b3 d5 2. Bb2 Bg4 3. Nf3 Nf6 4. h3 Bh5 5. e3 Nbd7 6. c4 e6 7. cxd5 exd5 8. Be2 Bd6 9. d3 Bg6 10. Nbd2 Qe7 11. a3 c6 12. Qc2 a5 13. Nd4 Ne5 14. g4 h5 15. g5 Nfd7 16. 0-0-0 Nc5 17. N2f3 Nxf3 18. Nxf3 Na6 19. Qc3 Bxa3 20. Qxg7 Bxb2+ 21. Kxb2 Rf8 22. Ra1 Nc5 23. Ne5 Bf5 24. Qf6 Qxf6 25. gxf6 Rh8 26. b4 Nd7 27. Nxd7 Kxd7 28. bxa5 Ke6 29. h4 Kxf6 30. Kc3 Ke6 31. Rhg1 Kd6 32. Rg5 Bg6 33. f4 Ke6 34. e4 dxe4 35. dxe4 Bxe4 36. Re5+ Kd6 37. Rxe4 f6 38. Rd1+ Kc7 39. Re7+ Kc8 40. a6 bxa6 41. Bf1 a5 42. Bh3+ Kb8 43. Rb1# 1-0

[Event "Wch U16"]
[Site "Florianopolis"]
[Date "2024.11.07"]
[Round "9"]
[White "Daksh, Goyal"]
[Black "De Albuquerque, Ian Telek C"]
[Result "1-0"]
[WhiteElo "2057"]
[BlackElo "2174"]
[PlyCount "54"]
[EventDate "2024.10.29"]
[EventType "swiss"]
[EventRounds "11"]
[EventCountry "BRA"]
[SourceTitle "CB45_2024"]
[Source "ChessBase"]
[SourceDate "2024.11.06"]
[SourceVersion "1"]
[SourceVersionDate "2024.11.06"]
[SourceQuality "1"]

1. Nf3 c5 2. g3 Nc6 3. Bg2 g6 4. d4 cxd4 5. Nxd4 Bg7 6. Nxc6 dxc6 7. Qxd8+ Kxd8 8. a4 a5 9. Nd2 Nf6 10. Nb3 Nd5 11. 0-0 Kc7 12. c3 Rd8 13. e4 Nb6 14. f4 Be6 15. Nd2 Nc4 16. Nf3 h6 17. Re1 Rd3 18. Kf2 Rad8 19. f5 gxf5 20. exf5 Bxf5 21. Bf1 Rxf3+ 22. Kxf3 Ne5+ 23. Kg2 Bg4 24. Bf4 f6 25. Be2 Be6 26. Rad1 Rf8 27. Rd4 Bb3 1-0

[Event "Wch U16"]
[Site "Florianopolis"]
[Date "2024.11.06"]
[Round "8"]
[White "Justiniano Flores, Luis Fernando"]
[Black "Daksh, Goyal"]
[Result "0-1"]
[WhiteElo "1820"]
[BlackElo "2057"]
[PlyCount "164"]
[EventDate "2024.10.29"]
[EventType "swiss"]
[EventRounds "11"]
[EventCountry "BRA"]
[SourceTitle "CB45_2024"]
[Source "ChessBase"]
[SourceDate "2024.11.06"]
[SourceVersion "1"]
[SourceVersionDate "2024.11.06"]
[SourceQuality "1"]

1. d4 d5 2. Bf4 Nf6 3. e3 c5 4. c3 Nc6 5. Nd2 Bf5 6. Ngf3 e6 7. Qb3 Qb6 8. Bb5 c4 9. Qa4 a6 10. Bxc6+ bxc6 11. Ne5 Qb5 12. Qxb5 cxb5 13. a3 h5 14. 0-0 Ng8 15. e4 dxe4 16. a4 Rc8 17. axb5 axb5 18. Ra7 Ne7 19. Nd7 e5 20. Nxe5 f6 21. Nd7 Bxd7 22. Nxe4 Nf5 23. Re1 Kd8 24. Nc5 Bxc5 25. dxc5 g5 26. Rd1 Rh7 27. Bd6 Nxd6 28. cxd6 Rh8 29. f3 Re8 30. Kf2 Re6 31. Rd4 Ke8 32. h4 gxh4 33. Rf4 Re5 34. Rd4 Rcc5 35. f4 Re6 36. Ra8+ Rc8 37. Ra7 Rc6 38. Ra8+ Rc8 39. Ra7 f5 40. Rd5 Re4 41. Kf3 Rd8 42. Re5+ Rxe5 43. fxe5 Kf7 44. Ra1 Ke6 45. Rh1 Kxe5 46. Rxh4 Kxd6 47. Rxh5 Ra8 48. Rh1 Bc6+ 49. Kf4 Bxg2 50. Rd1+ Bd5 51. Kxf5 Rf8+ 52. Kg4 Rf2 53. Rb1 Be4 54. Rd1+ Kc5 55. Re1 Bd3 56. Re5+ Kb6 57. Re6+ Ka5 58. Re1 Rxb2 59. Kf3 Rc2 60. Ra1+ Kb6 61. Ra3 Kc5 62. Kf4 Rxc3 63. Rxc3 b4 64. Rc1 b3 65. Ke3 b2 66. Rg1 b1Q 67. Rxb1 Bxb1 68. Kd2 Kd4 69. Kc1 Kc3 70. Kxb1 Kd2 71. Kb2 c3+ 72. Kb3 c2 73. Kc4 c1Q+ 74. Kd5 Qc3 75. Ke4 Qd3+ 76. Kf4 Qd5 77. Kg3 Qe4 78. Kf2 Qe3+ 79. Kg2 Ke2 80. Kh1 Qg5 81. Kh2 Kf2 82. Kh3 Qg3# 0-1

[Event "Wch U16"]
[Site "Florianopolis"]
[Date "2024.10.29"]
[Round "1"]
[White "Daksh, Goyal"]
[Black "Raczek, Krzysztof"]
[Result "0-1"]
[WhiteElo "2057"]
[BlackElo "2435"]
[PlyCount "82"]
[EventDate "2024.10.29"]
[EventType "swiss"]
[EventRounds "11"]
[EventCountry "BRA"]
[SourceTitle "CB45_2024"]
[Source "ChessBase"]
[SourceDate "2024.11.06"]
[SourceVersion "1"]
[SourceVersionDate "2024.11.06"]
[SourceQuality "1"]

1. Nf3 Nf6 2. g3 b5 3. Bg2 Bb7 4. d3 e6 5. e4 d5 6. e5 Nfd7 7. 0-0 c5 8. Re1 Nc6 9. Bf4 Be7 10. h4 Nb6 11. Nbd2 h6 12. h5 Qd7 13. a3 c4 14. Be3 Na4 15. Qb1 Rc8 16. dxc4 bxc4 17. b3 c3 18. bxa4 cxd2 19. Bxd2 0-0 20. Bf1 f6 21. Bf4 fxe5 22. Nxe5 Nxe5 23. Bxe5 Bc5 24. Re2 Rxf2 25. Rxf2 Rf8 26. Bf4 e5 27. Qb5 Bxf2+ 28. Kxf2 Bc6 29. Qc5 exf4 30. g4 Qxg4 31. Qxc6 Qg3+ 32. Ke2 Qe3+ 33. Kd1 Qd4+ 34. Bd3 Qxa1+ 35. Kd2 Qe5 36. Qg6 Qg5 37. Qe6+ Kh8 38. c4 f3+ 39. Kc2 f2 40. Qh3 dxc4 41. Bxc4 Qc5 0-1

[Event "Asia-ch U16"]
[Site "Almaty"]
[Date "2024.06.12"]
[Round "1"]
[White "Sapenov, Daniyal"]
[Black "Daksh, Goyal"]
[Result "1-0"]
[WhiteElo "2339"]
[BlackElo "1948"]
[PlyCount "125"]
[EventDate "2024.06.12"]
[EventType "swiss"]
[EventRounds "9"]
[EventCountry "KAZ"]
[SourceTitle "EXT 2025"]
[Source "ChessBase"]
[SourceDate "2024.10.14"]
[SourceVersion "1"]
[SourceVersionDate "2024.10.14"]
[SourceQuality "1"]
[WhiteTeam "KAZ"]
[BlackTeam "IND"]

1. d4 d5 2. c4 c6 3. Nf3 Nf6 4. e3 e6 5. Nbd2 Nbd7 6. b3 Bd6 7. Bb2 Qe7 8. Be2 Ne4 9. 0-0 0-0 10. Ne5 Nxd2 11. Qxd2 Nxe5 12. dxe5 Bb4 13. Qc2 dxc4 14. Bxc4 Rd8 15. Bd3 g6 16. Rad1 Bd7 17. Be4 Be8 18. g3 Rxd1 19. Rxd1 Rd8 20. Rxd8 Qxd8 21. Bd4 Qa5 22. h4 Bf8 23. Bc3 Qc7 24. Bd3 c5 25. a4 b6 26. Qe2 Bc6 27. e4 Ba8 28. Kh2 Qc6 29. f3 h5 30. Bc4 Qd7 31. Kg2 Bg7 32. Kf2 Qc7 33. f4 Qc6 34. Kf3 Bf8 35. Qd3 Be7 36. Ke3 a5 37. Bb5 Qb7 38. Ba6 Qc6 39. Bc4 Bf8 40. Qc2 Be7 41. Qg2 Qd7 42. Qf3 Qc6 43. Bb5 Qb7 44. Kd3 Qc7 45. Qe2 Bc6 46. Bc4 Qb7 47. Bb5 Qd7+ 48. Kc2 Bxb5 49. axb5 Qe8 50. f5 Qd7 51. g4 hxg4 52. fxg6 fxg6 53. Qxg4 Kh7 54. Qf4 Qe8 55. Bd2 Qf8 56. Qxf8 Bxf8 57. Bg5 c4 58. Be3 cxb3+ 59. Kxb3 Bg7 60. Bxb6 Bxe5 61. Bxa5 Kh6 62. Bd8 Kh5 63. Kc4 1-0

[Event "Pune op 10th"]
[Site "Pune"]
[Date "2024.05.22"]
[Round "9"]
[White "Nitin, Senthilvel"]
[Black "Daksh, Goyal"]
[Result "1-0"]
[WhiteElo "2339"]
[BlackElo "1910"]
[PlyCount "74"]
[EventDate "2024.05.18"]
[EventType "swiss"]
[EventRounds "9"]
[EventCountry "IND"]
[SourceTitle "CBM 220 Extra"]
[Source "ChessBase"]
[SourceDate "2024.07.31"]
[SourceVersion "1"]
[SourceVersionDate "2024.07.31"]
[SourceQuality "1"]

1. Nf3 d5 2. g3 Nf6 3. Bg2 c6 4. 0-0 Bg4 5. d3 Nbd7 6. h3 Bh5 7. Qe1 e5 8. e4 dxe4 9. dxe4 Be7 10. Nbd2 0-0 11. Nc4 Qc7 12. a4 Rfe8 13. Nh4 Rad8 14. Bd2 Nc5 15. Nf5 Bf8 16. Bg5 Ne6 17. Bxf6 gxf6 18. c3 Rd7 19. b4 Red8 20. a5 b5 21. axb6 axb6 22. Nce3 b5 23. Ra6 Rb8 24. h4 Rb6 25. Ra2 Rb7 26. f4 exf4 27. gxf4 Nxf4 28. Qg3+ Ng6 29. Qxc7 Rbxc7 30. Ng3 Rd3 31. Nxh5 Rxe3 32. Ra8 Kh8 33. Nxf6 h5 34. Nxh5 c5 35. Nf4 Nxf4 36. Rxf4 cxb4 37. cxb4 Rc1+ 1-0

[Event "IND-ch U15 48th"]
[Site "Jalgaon"]
[Date "2024.01.04"]
[Round "11"]
[White "Daksh, Goyal"]
[Black "Tejas Shah, Jihan"]
[Result "1/2-1/2"]
[WhiteElo "1814"]
[BlackElo "1891"]
[PlyCount "75"]
[EventDate "2023.12.27"]
[EventType "swiss"]
[EventRounds "11"]
[EventCountry "IND"]
[SourceTitle "EXT 2025"]
[Source "ChessBase"]
[SourceDate "2024.10.14"]
[SourceVersion "1"]
[SourceVersionDate "2024.10.14"]
[SourceQuality "1"]

1. e4 c5 2. Nf3 Nc6 3. d4 cxd4 4. Nxd4 g6 5. c4 Bg7 6. Be3 Qb6 7. Nb3 Qd8 8. Qd2 Nf6 9. f3 0-0 10. Nc3 d6 11. Be2 a5 12. 0-0 a4 13. Nd4 Nxd4 14. Bxd4 Qa5 15. Rad1 Be6 16. f4 Rfc8 17. b3 axb3 18. axb3 Kf8 19. f5 Bd7 20. Qf4 Bc6 21. h4 Kg8 22. Nd5 Bxd5 23. exd5 Rf8 24. fxg6 hxg6 25. Bg4 Qb4 26. h5 gxh5 27. Bxf6 Bxf6 28. Bf5 Kg7 29. Qg3+ Kh6 30. Qe3+ Bg5 31. Qh3 Qb6+ 32. Kh1 Rh8 33. Bb1 Bf6 34. g4 Kg7 35. g5 Be5 36. Rf3 Raf8 37. Qf5 Qd8 38. Rdf1 1/2-1/2

[Event "IND-ch U15 48th"]
[Site "Jalgaon"]
[Date "2024.01.03"]
[Round "10"]
[White "Md, Imran"]
[Black "Daksh, Goyal"]
[Result "1/2-1/2"]
[WhiteElo "2174"]
[BlackElo "1814"]
[PlyCount "76"]
[EventDate "2023.12.27"]
[EventType "swiss"]
[EventRounds "11"]
[EventCountry "IND"]
[SourceTitle "EXT 2025"]
[Source "ChessBase"]
[SourceDate "2024.10.14"]
[SourceVersion "1"]
[SourceVersionDate "2024.10.14"]
[SourceQuality "1"]

1. d4 d5 2. Nf3 Nf6 3. Bf4 e6 4. e3 Be7 5. Nbd2 Nbd7 6. h3 c5 7. c3 0-0 8. Bd3 c4 9. Bc2 b5 10. e4 dxe4 11. Nxe4 Bb7 12. Qe2 Nxe4 13. Bxe4 Bxe4 14. Qxe4 Nf6 15. Qe2 Nd5 16. Bd2 Qc7 17. 0-0 a5 18. Ne5 Bd6 19. f4 Rfe8 20. Qf3 f6 21. Ng4 f5 22. Ne3 Nxf4 23. Nxf5 exf5 24. Bxf4 Bxf4 25. Qxf4 Qxf4 26. Rxf4 Re2 27. Rf2 Rae8 28. a4 b4 29. cxb4 axb4 30. a5 c3 31. bxc3 bxc3 32. Rxf5 Rd2 33. a6 c2 34. a7 Rxd4 35. a8Q c1Q+ 36. Rxc1 Rxa8 37. Rc7 Rd1+ 38. Kh2 Rd6 1/2-1/2